<?xml version="1.0" encoding="UTF-8"?>
<record
    xmlns:xsi="http://www.w3.org/2001/XMLSchema-instance"
    xsi:schemaLocation="http://www.loc.gov/MARC21/slim http://www.loc.gov/standards/marcxml/schema/MARC21slim.xsd"
    xmlns="http://www.loc.gov/MARC21/slim">

  <leader>00727nam a22002537a 4500</leader>
  <datafield tag="999" ind1=" " ind2=" ">
    <subfield code="c">29344</subfield>
    <subfield code="d">29344</subfield>
  </datafield>
  <controlfield tag="001">4520092</controlfield>
  <controlfield tag="003">OSt</controlfield>
  <controlfield tag="005">20171201123358.0</controlfield>
  <controlfield tag="008">980723s1997    ke            000 0 eng  </controlfield>
  <datafield tag="010" ind1=" " ind2=" ">
    <subfield code="a">   98981273 </subfield>
  </datafield>
  <datafield tag="020" ind1=" " ind2=" ">
    <subfield code="a">9966468382</subfield>
  </datafield>
  <datafield tag="040" ind1=" " ind2=" ">
    <subfield code="a">DLC</subfield>
    <subfield code="c">DLC</subfield>
  </datafield>
  <datafield tag="042" ind1=" " ind2=" ">
    <subfield code="a">lcode</subfield>
  </datafield>
  <datafield tag="050" ind1="0" ind2="0">
    <subfield code="a">PR 9402.9 .G3K6 1997</subfield>
  </datafield>
  <datafield tag="100" ind1="1" ind2=" ">
    <subfield code="a">Gakwandi, Arthur,</subfield>
    <subfield code="d">1943-</subfield>
  </datafield>
  <datafield tag="245" ind1="1" ind2="0">
    <subfield code="a">Kosiya Kifefe /</subfield>
    <subfield code="c">Arthur Gakwandi.</subfield>
  </datafield>
  <datafield tag="260" ind1=" " ind2=" ">
    <subfield code="a">Nairobi :</subfield>
    <subfield code="b">East African Educational Publishers,</subfield>
    <subfield code="c">1997.</subfield>
  </datafield>
  <datafield tag="300" ind1=" " ind2=" ">
    <subfield code="a">351 p. ;</subfield>
    <subfield code="c">18 cm.</subfield>
  </datafield>
  <datafield tag="490" ind1="0" ind2=" ">
    <subfield code="a">Peak library</subfield>
  </datafield>
  <datafield tag="906" ind1=" " ind2=" ">
    <subfield code="a">7</subfield>
    <subfield code="b">cbc</subfield>
    <subfield code="c">origode</subfield>
    <subfield code="d">u</subfield>
    <subfield code="e">ncip</subfield>
    <subfield code="f">19</subfield>
    <subfield code="g">y-gencatlg</subfield>
  </datafield>
  <datafield tag="942" ind1=" " ind2=" ">
    <subfield code="2">lcc</subfield>
    <subfield code="c">AFRICANA</subfield>
    <subfield code="h">PR 9402.9 .G3K6 1997</subfield>
  </datafield>
  <datafield tag="952" ind1=" " ind2=" ">
    <subfield code="0">0</subfield>
    <subfield code="1">0</subfield>
    <subfield code="2">lcc</subfield>
    <subfield code="4">0</subfield>
    <subfield code="7">0</subfield>
    <subfield code="a">MUC</subfield>
    <subfield code="b">MUC</subfield>
    <subfield code="c">AFR</subfield>
    <subfield code="d">2017-12-01</subfield>
    <subfield code="e">Purchase (UNES)</subfield>
    <subfield code="g">789.00</subfield>
    <subfield code="l">0</subfield>
    <subfield code="o">PR 9402.9 .G3K6 1997</subfield>
    <subfield code="p">37681</subfield>
    <subfield code="r">2018-01-11</subfield>
    <subfield code="w">2017-12-01</subfield>
    <subfield code="y">AFRICANA</subfield>
  </datafield>
  <datafield tag="952" ind1=" " ind2=" ">
    <subfield code="0">0</subfield>
    <subfield code="1">0</subfield>
    <subfield code="2">lcc</subfield>
    <subfield code="4">0</subfield>
    <subfield code="7">0</subfield>
    <subfield code="a">MUC</subfield>
    <subfield code="b">MUC</subfield>
    <subfield code="c">AFR</subfield>
    <subfield code="d">2017-12-01</subfield>
    <subfield code="e">Purchase (UNES)</subfield>
    <subfield code="g">789.00</subfield>
    <subfield code="l">0</subfield>
    <subfield code="o">PR 9402.9 .G3K6 1997</subfield>
    <subfield code="p">37682</subfield>
    <subfield code="r">2017-12-01</subfield>
    <subfield code="w">2017-12-01</subfield>
    <subfield code="y">AFRICANA</subfield>
  </datafield>
  <datafield tag="952" ind1=" " ind2=" ">
    <subfield code="0">0</subfield>
    <subfield code="1">0</subfield>
    <subfield code="2">lcc</subfield>
    <subfield code="4">0</subfield>
    <subfield code="7">0</subfield>
    <subfield code="a">MUC</subfield>
    <subfield code="b">MUC</subfield>
    <subfield code="c">AFR</subfield>
    <subfield code="d">2017-12-01</subfield>
    <subfield code="e">Purchase (UNES)</subfield>
    <subfield code="g">789.00</subfield>
    <subfield code="l">0</subfield>
    <subfield code="o">PR 9402.9 .G3K6 1997</subfield>
    <subfield code="p">37683</subfield>
    <subfield code="r">2017-12-01</subfield>
    <subfield code="w">2017-12-01</subfield>
    <subfield code="y">AFRICANA</subfield>
  </datafield>
  <datafield tag="952" ind1=" " ind2=" ">
    <subfield code="0">0</subfield>
    <subfield code="1">0</subfield>
    <subfield code="2">lcc</subfield>
    <subfield code="4">0</subfield>
    <subfield code="7">0</subfield>
    <subfield code="a">MUC</subfield>
    <subfield code="b">MUC</subfield>
    <subfield code="c">AFR</subfield>
    <subfield code="d">2017-12-01</subfield>
    <subfield code="e">Purchase (UNES)</subfield>
    <subfield code="g">789.00</subfield>
    <subfield code="l">0</subfield>
    <subfield code="o">PR 9402.9 .G3K6 1997</subfield>
    <subfield code="p">37684</subfield>
    <subfield code="r">2019-12-04</subfield>
    <subfield code="w">2017-12-01</subfield>
    <subfield code="y">AFRICANA</subfield>
  </datafield>
</record>
